000
00386nam a22001337a 4500
003
SGT
020
_a
9788123025360
082
_a
891.4309
_b
B17P
100
_a
प्रभाकर, विष्णु
245
_a
भवभूति के नाटक
260
_b
सस्ता साहित्य मंडल प्रकाशन
_c
2017
300
_a
53
942
_2
ddc
_c
BK
999
_c
31427
_d
31427